[Event "Chigorin Memorial 30th"]
[Site "St Petersburg"]
[Date "2023.10.21"]
[Round "1"]
[White "Kurchenko, Egor"]
[Black "Shishkin, Vladislav"]
[Result "1-0"]
[WhiteElo "2195"]
[BlackElo "1713"]
[PlyCount "111"]
[EventDate "2023.10.21"]
[EventType "swiss"]
[EventRounds "9"]
[EventCountry "RUS"]
[SourceTitle "Mega2024 Update 01"]
[Source "Chessbase"]
[SourceDate "2023.11.12"]
[SourceVersion "1"]
[SourceVersionDate "2023.11.12"]
[SourceQuality "1"]

1. e4 e6 2. d4 d5 3. e5 c5 4. c3 Qb6 5. Nf3 Nc6 6. Bd3 cxd4 7. 0-0 Nge7 8. Re1 Bd7 9. a3 a6 10. b4 Rc8 11. Bb2 Ng6 12. cxd4 Nf4 13. Bf1 Be7 14. g3 Ng6 15. h4 Na7 16. Nc3 Nf8 17. Na4 Bxa4 18. Qxa4+ Qc6 19. Qb3 Qc2 20. Qa2 Nd7 21. Rad1 Qf5 22. Kg2 0-0 23. Bd3 Qh5 24. Ng5 Bxg5 25. hxg5 Qxg5 26. Rh1 f5 27. exf6 g6 28. Bc1 Qxf6 29. Qe2 Nb5 30. Bxb5 axb5 31. Rh4 Rc4 32. Bh6 Rf7 33. Rd3 e5 34. dxe5 Qe6 35. Rhd4 Nb6 36. Qe3 Rf5 37. g4 Rxe5 38. Qf4 Nd7 39. Rf3 Rc8 40. Qd2 Rc4 41. Rdf4 Rxf4 42. Qxf4 Qe7 43. Qd4 b6 44. Qc3 Qe8 45. Qc6 Re7 46. Qxd5+ Kh8 47. Bd2 Re6 48. Bc3+ Kg8 49. Qd4 Ne5 50. Re3 Qc6+ 51. f3 h5 52. g5 h4 53. Rxe5 h3+ 54. Kg3 h2 55. Rxe6 h1Q 56. Qg7# 1-0

[Event "Chigorin Memorial 28th"]
[Site "St Petersburg"]
[Date "2021.10.29"]
[Round "7"]
[White "Shishkin, Vladislav"]
[Black "Al Marzouqi, Abdulla M"]
[Result "1/2-1/2"]
[WhiteElo "1568"]
[BlackElo "1870"]
[PlyCount "65"]
[EventDate "2021.10.23"]
[EventType "swiss"]
[EventRounds "9"]
[EventCountry "RUS"]
[SourceTitle "EXT 2023"]
[Source "ChessBase"]
[SourceDate "2022.10.05"]
[SourceVersion "1"]
[SourceVersionDate "2022.10.05"]
[SourceQuality "1"]

1. e4 e5 2. Nf3 Nc6 3. d4 exd4 4. Nxd4 Bc5 5. Be3 Nxd4 6. Bxd4 Bxd4 7. Qxd4 Qf6 8. e5 Qb6 9. Qxb6 axb6 10. Nc3 f6 11. Nd5 Kd8 12. exf6 Nxf6 13. Nxf6 gxf6 14. Bd3 Re8+ 15. Kd2 d6 16. a3 Ra5 17. Rae1 Rg5 18. g3 h6 19. Rxe8+ Kxe8 20. Re1+ Re5 21. f4 Rxe1 22. Kxe1 d5 23. Kf2 c5 24. c3 Bg4 25. Ke3 f5 26. Bf1 Ke7 27. b4 Ke6 28. h3 Bh5 29. Bb5 Kd6 30. Bd3 Ke6 31. Bb5 Kd6 32. Bd3 Ke6 33. Bb5 1/2-1/2

[Event "Chigorin Memorial 28th"]
[Site "St Petersburg"]
[Date "2021.10.24"]
[Round "2"]
[White "Zeliantsova, Kseniya"]
[Black "Shishkin, Vladislav"]
[Result "1-0"]
[WhiteElo "1952"]
[BlackElo "1568"]
[PlyCount "65"]
[EventDate "2021.10.23"]
[EventType "swiss"]
[EventRounds "9"]
[EventCountry "RUS"]
[SourceTitle "EXT 2023"]
[Source "ChessBase"]
[SourceDate "2022.10.05"]
[SourceVersion "1"]
[SourceVersionDate "2022.10.05"]
[SourceQuality "1"]

1. e4 e6 2. d4 d5 3. Nc3 Nf6 4. e5 Nfd7 5. f4 c5 6. Nf3 Nc6 7. Be3 c4 8. Be2 Qb6 9. Qd2 Qa5 10. 0-0 Bb4 11. a3 Bxc3 12. bxc3 Nb6 13. Qe1 Na4 14. Bd2 b5 15. Kh1 Bd7 16. Qh4 Qd8 17. Qg3 g6 18. f5 exf5 19. Bg5 Qa5 20. Bf6 Rg8 21. Ng5 Be6 22. Qh3 Kd7 23. Nxe6 Kxe6 24. g4 Kd7 25. gxf5 gxf5 26. Qxh7 Nd8 27. Qxg8 Qxc3 28. Qf8 Qa5 29. Qd6+ Kc8 30. Rg1 Nc3 31. Rg8 Kb7 32. Bxd8 Rxd8 33. Rxd8 1-0